000 00818nam a2200217 u 4500
001 000024149
005 20200930022747.0
008 110119s1977 ag 000 0 spa d
040 _aDO-SdBNP
_bspa
_cBNPHU
041 1 7 _aspa
_heng
_2Código de idiomas MARC
082 _ann*
_bnn*
100 1 _aRiessman, Frank.
_949584
240 1 4 _aThe inner-city child.
_lEspañol
245 1 3 _aEl niño de la ciudad interior :
_beducación del niño de familias con menos recursos /
_cFrank Riessman ; traducción de Floreal Mazía.
260 _aBuenos Aires :
_b"Las Paralelas",
_c1977.
300 _a175 p. ;
_c20 cm.
534 _aTítulo original en inglés :
_tThe inner-city child
500 _aIncluye referencias bibliográficas y notas al pie de las páginas.
700 1 _aMazía, Floreal,
_etr.
_99797
049 _aBNGR
999 _c23643
_d23643